000 00387nam a22001577a 4500
003 OSt
005 20241118143602.0
007 218 pages
008 241118b |||||||| |||| 00| 0 eng d
020 _a9788129316287
040 _c
082 _a512/KUM
245 _aLinear Algebra
_cKumaresan,S
260 _bPHI
_c2024
942 _2ddc
_cBK
_h512/KUM
_k512/KUM
_n0
999 _c36110
_d36110